Elementary surveying (Record no. 544075)
[ view plain ]
| 000 -LEADER | |
|---|---|
| fixed length control field | 00671cam a2200193 4500 |
| 020 ## - INTERNATIONAL STANDARD BOOK NUMBER | |
| International Standard Book Number | 070022243X |
| 082 00 - DEWEY DECIMAL CLASSIFICATION NUMBER | |
| Classification number | 526.9 |
| Author Mark | BRI |
| -- | D |
| 100 1# - MAIN ENTRY--PERSONAL NAME | |
| Personal name | Brinker, Russell C. |
| 9 (RLIN) | 37707 |
| 245 10 - TITLE STATEMENT | |
| Title | Elementary surveying |
| Statement of responsibility, etc. | [Russell C. Brinker. |
| 250 ## - EDITION STATEMENT | |
| Edition statement | 3rd ed. |
| 260 ## - PUBLICATION, DISTRIBUTION, ETC. | |
| Place of publication, distribution, etc. | Scranton, |
| Name of publisher, distributor, etc. | International Textbook Co. |
| Date of publication, distribution, etc. | 1960. |
| 300 ## - PHYSICAL DESCRIPTION | |
| Extent | 550 p. : |
| Dimensions | 24 cm. |
| 490 0# - SERIES STATEMENT | |
| Series statement | International textbooks in civil engineering |
| 500 ## - GENERAL NOTE | |
| General note | First-2d ed., published 1939-49, by W. C. Taylor; 3d-4th ed., published 1955-61, by R. C. Brinker and W. C. Taylor. |
| 526 ## - STUDY PROGRAM INFORMATION NOTE | |
| Program name | 0 |
| Interest level | 0 |
| Reading level | 0 |
| Title point value | 526_900000000000000_BRI |
| 650 #0 - SUBJECT ADDED ENTRY--TOPICAL TERM | |
| Topical term or geographic name entry element | MCE |
| 9 (RLIN) | 379 |
| 700 1# - ADDED ENTRY--PERSONAL NAME | |
| Personal name | Taylor, Warren Crosby, |
| 9 (RLIN) | 39618 |
| 942 ## - ADDED ENTRY ELEMENTS (KOHA) | |
| Source of classification or shelving scheme | |
| Koha item type | Book |
| Withdrawn status | Lost status | Source of classification or shelving scheme | Damaged status | Not for loan | Permanent Location | Current Location | Date acquired | Total Checkouts | Full call number | Barcode | Date last seen | Date last checked out | Price effective from | Koha item type |
|---|---|---|---|---|---|---|---|---|---|---|---|---|---|---|
| Military College of Engineering (MCE) | Military College of Engineering (MCE) | 04/10/2014 | 1 | 526.9 BRI | MCE-2045 | 10/15/2014 | 09/15/2014 | 04/10/2014 | Book |
